| 000 | 00846nam a22002897a 4500 | ||
|---|---|---|---|
| 001 | 7958 | ||
| 003 | FISKH | ||
| 005 | 20251128101524.0 | ||
| 008 | 250815b cb ||||| |||| 00| 0 eng d | ||
| 020 | _a9780516273280 | ||
| 040 |
_aFISKH _beng _cFISKH _dFISKH |
||
| 050 | _aQC373.M33 B55 | ||
| 082 | _a535.028 | ||
| 100 | _aBlevins, Wiley | ||
| 245 |
_aYou can use a magnifying glass / _cBy Wiley Blevins |
||
| 250 | _aThis edition first published in 2003 | ||
| 260 |
_aCanada : _bChildren, _c2003 |
||
| 300 |
_a31 pages : _bcolor illustrations ; _c18 cm |
||
| 505 | _aJ | ||
| 520 | _aSimple text and photographs describe and illustrate how to use a magnifying glass. | ||
| 521 | 8 |
_a440
_bLexile |
|
| 521 | 8 |
_aJ
_bRaz-Plus |
|
| 650 |
_2Geography _aScience |
||
| 650 |
_2Level G _aTools |
||
| 942 |
_2ddc _cBK _n0 |
||
| 999 |
_c7958 _d7958 |
||